000 00240nam a2200097Ia 4500
001 984748
005 20250826221030.0
008 250824s9999 xx 000 0 und d
245 0 _aBAŞLANGIÇ
_cDAN BROWN
260 _bALTIN KİTAPLAR YAYINEVİ
999 _c984748
_d984748